Altissima /
Guardat en:
| Autor principal: | |
|---|---|
| Altres autors: | |
| Format: | Llibre |
| Idioma: | italià |
| Publicat: |
Milano :
Terre di mezzo,
2021
|
| Col·lecció: | L'acchiappastorie
|
| Etiquetes: |
Sense etiquetes, Sigues el primer a etiquetar aquest registre!
|
MARC
| LEADER | 00000nam a22000007i 4500 | ||
|---|---|---|---|
| 001 | IT\ICCU\UBO\4536646 | ||
| 003 | ItRI | ||
| 005 | 20260115232123.0 | ||
| 008 | 210616s2021 be |||||| |||||1|||||c | ||
| 020 | |a 9788861897397 | ||
| 040 | |b ita |c importazione bologna sebina | ||
| 041 | 7 | |a ita |2 ISO-639-2 | |
| 100 | 1 | |a Delacroix, Sibylle |0 IT\ICCU\UBOV\844538 |4 aut | |
| 240 | 1 | 0 | |a Ma grande |3 IT\ICCU\UBO\4536647 |9 Delacroix, Sibylle |
| 245 | 1 | 0 | |a Altissima / |c Sibylle Delacroix. |
| 260 | |a Milano : |b Terre di mezzo, |c 2021 | ||
| 300 | |a 1 volume (senza paginazione) : |b in gran parte ill. ; |c 32 cm | ||
| 500 | |a La collana si evince dal sito editoriale |9 IT\ICCU\ANA\0503233 | ||
| 500 | |a Traduzione di Eleonora Armaroli | ||
| 700 | 1 | |a Armaroli, Eleonora |0 IT\ICCU\MODV\664198 |4 trl | |
| 752 | |a it |d Milano | ||
| 830 | 2 | |a L'acchiappastorie |0 IT\ICCU\ANA\0503233 | |
| 942 | |2 ddc |c BK |n 0 | ||
| 952 | |0 0 |1 0 |4 0 |6 R_843_920000000000000_DEL |7 0 |9 20403 |a BO |b BO |d 2026-01-15 |i 19751 |l 0 |o R 843.92 DEL |p BO19751 |r 2026-01-15 23:21:23 |w 2026-01-15 |x [Sebina 5] [1 v.] |y BK |z 1 v. | ||
| 999 | |c 17410 |d 17410 | ||